[Event "ROM-chT"]
[Site "Sovata"]
[Date "1998.??.??"]
[Round "1"]
[White "Vajda, Szidonia"]
[Black "Olarasu, Gabriela"]
[Result "1/2-1/2"]
[WhiteElo "2325"]
[BlackElo "2270"]

1.e4 e5 2.Nf3 Nc6 3.Bb5 a6 4.Ba4 Nf6 5.O-O b5 6.Bb3 Bb7 7.Re1 Bc5 8.c3 d6
9.d4 Bb6 10.Be3 O-O 11.d5 Ne7 12.Bxb6 cxb6 13.a4 bxa4 14.Bxa4 Ng6 15.c4 Nf4
16.Na3 Ng4 17.Nc2 b5 18.Bb3 Qb6 19.Ne3 Nxe3 20.Rxe3 Rfc8 21.cxb5 axb5 22.Rxa8 Rxa8
23.g3 Ng6 24.Ng5 Qc7 25.Rc3 Qe7 26.Qc1 Rd8 27.Bd1 h6 28.Nf3 Qe8 29.Be2 Rb8
30.b4 Ne7 31.Nh4 Bc8 32.Qf1 Bd7 33.Rc7 g5 34.Ng2 f5 35.exf5 Nxd5 36.Ra7 Bxf5
37.Ne3 Nxe3 38.fxe3 Bd7 39.Qd1 Rc8 40.Qxd6 Rc1+ 41.Kg2 Bc6+ 42.Kf2 Be4 43.Qxh6 Qf8+
44.Qxf8+ Kxf8 45.h4 gxh4 46.gxh4 Rc2 47.Ke1 Rc1+ 48.Kd2 Rc2+ 49.Kd1 Rb2 50.Ra5 Rb1+
51.Kd2 Rb2+ 52.Ke1 Rb1+ 53.Kf2 Rb2 54.Ke1 Rb1+  1/2-1/2

[Event "Petrov mem"]
[Site "St Petersburg"]
[Date "1998.??.??"]
[Round "9"]
[White "Solovjov, Sergey"]
[Black "Shour, Janna"]
[Result "1-0"]
[WhiteElo "2450"]
[BlackElo "2210"]

1.e4 e5 2.Nf3 Nc6 3.Bb5 a6 4.Ba4 Nf6 5.O-O b5 6.Bb3 Bb7 7.Re1 Bc5 8.c3 d6
9.d4 Bb6 10.a4 h6 11.Qd3 O-O 12.Nh4 Ne7 13.Qf3 Kh7 14.Bc2 Bc8 15.h3 Bd7 16.Nd2 Nfg8
17.Qg3 Ng6 18.Ndf3 Nxh4 19.Nxh4 g6 20.Nf3 f6 21.Be3 Qe8 22.Nh4 Ne7 23.f4 g5
24.fxg5 fxg5 25.Nf5 Nxf5 26.exf5 Bxf5 27.Bxf5+ Rxf5 28.Qg4 Rf8 29.dxe5 Bxe3+
30.Rxe3 dxe5 31.Rae1 Rf4 32.Qe2 Qg6 33.Rxe5 c6 34.Re7+ Rf7 35.Rxf7+ Qxf7
36.Rf1 Qd7 37.Qe4+ Kg7 38.Qe5+ Kh7 39.a5 Re8 40.Qf6 Re7 41.Qf8 Qa7+ 42.Kh1 Qc7
43.b4 Rd7 44.Qf5+ Kg7 45.Qf6+ Kh7 46.Qf8 Re7 47.Qa8 g4 48.hxg4 Qg3 49.Qxc6 Re1
50.Qd7+ Kh8 51.Qd4+ Kh7 52.Kg1 Kg6 53.Qf6+ Kh7 54.Qf3 Rxf1+ 55.Kxf1 Qc7 56.Ke2 Kg7
57.Kd2 Kh7 58.Qe4+ Kg7 59.c4 bxc4 60.Kc3 Kf6 61.Qxc4 Qb7 62.Qf4+ Kg6 63.Qf5+ Kg7
64.g5 Qc7+ 65.Kb2 hxg5 66.Qxg5+ Kf7 67.Qf5+ Kg7 68.g4 Qc4 69.Qe5+ Kg6 70.Qd6+ Kf7
71.g5 Qe2+ 72.Kb3 Qe3+ 73.Kc4  1-0

[Event "POL-ch U20"]
[Site "Trzebinia"]
[Date "1998.??.??"]
[Round "4"]
[White "Szelag, Marcin"]
[Black "Owczarzak, Jerzy"]
[Result "1-0"]
[WhiteElo "2350"]
[BlackElo "2210"]

1.e4 e5 2.Nf3 Nc6 3.Bb5 a6 4.Ba4 Nf6 5.O-O b5 6.Bb3 Bb7 7.d3 Bd6 8.a3 h6
9.Nc3 O-O 10.h3 Re8 11.Be3 Bf8 12.Qd2 d6 13.Nd5 Nb8 14.Nxf6+ Qxf6 15.Nh2 d5
16.f4 Nd7 17.fxe5 Qxe5 18.Rf5 Qxb2 19.Ra2 Qb1+ 20.Rf1 Qxf1+ 21.Nxf1 dxe4
22.dxe4 Rad8 23.Qf2 Nf6 24.c3 Bxe4 25.Rd2 Bd5 26.Bxd5 Nxd5 27.Bc5 Nxc3 28.Rxd8 Rxd8
29.Bxf8 Rxf8 30.Qc5 Na4 31.Qxc7 Re8 32.Qc6 Re6 33.Qc8+ Kh7 34.Nd2 Nb6 35.Qc5 Kg8
36.Kh2 Kh7 37.Qf8 Kg6 38.Nf3 Nc4 39.Nh4+ Kf6 40.Qd8+ Ke5 41.Nf3+ Kf4 42.Qh4+ Ke3
43.Qd4+ Ke2 44.Qc3  1-0

[Event "POL-ch U20"]
[Site "Trzebinia"]
[Date "1998.??.??"]
[Round "9"]
[White "Blehm, Pawel"]
[Black "Owczarzak, Jerzy"]
[Result "1-0"]
[WhiteElo "2380"]
[BlackElo "2210"]

1.e4 e5 2.Nf3 Nc6 3.Bb5 a6 4.Ba4 Nf6 5.O-O b5 6.Bb3 Bb7 7.d3 Bd6 8.a3 h6
9.Nc3 O-O 10.h3 Re8 11.Be3 Bf8 12.Nd5 Nxd5 13.Bxd5 Na5 14.Ba2 c5 15.Qe1 Nc6
16.c3 a5 17.Nh2 a4 18.f4 exf4 19.Bxf4 c4 20.dxc4 bxc4 21.Bxc4 Ne5 22.Ba2 d5
23.Qg3 Nc4 24.exd5 Bxd5 25.Rad1 Qb6+ 26.Kh1 Qb7 27.Ng4 Kh8 28.Rxd5 Qxd5 29.Ne3 Rxe3
30.Bxe3 Qd3 31.Bxc4 Qxc4 32.Qf4 Qb3 33.Qxf7 Qxb2 34.Bd4 Qxa3 35.Qg6 Rd8 36.Qxh6+ Kg8
37.Qe6+ Kh8 38.Qc6 Qb3 39.Rxf8+  1-0

[Event "JUG-chT"]
[Site "Vrnjacka Banja"]
[Date "1998.??.??"]
[Round "?"]
[White "Almasi, Zoltan"]
[Black "Beliavsky, Alexander G"]
[Result "0-1"]
[WhiteElo "2650"]
[BlackElo "2645"]

1.e4 e5 2.Nf3 Nc6 3.Bb5 a6 4.Ba4 Nf6 5.O-O b5 6.Bb3 Bb7 7.c3 Nxe4 8.d4 Na5
9.Bc2 exd4 10.Nxd4 c5 11.Nf5 d5 12.f3 Ng5 13.Bxg5 Qxg5 14.Re1+ Kd7 15.Nd2 g6
16.f4 Qxf4 17.Rf1 Qc7 18.Ne3 f5 19.Bxf5+ gxf5 20.Rxf5 Kc8 21.Nxd5 Bxd5 22.Rxd5 Ra7
23.Nf3 Nc4 24.Qe1 Qe7 25.Qg3 Rd7 26.Re1 Rxd5 27.Rxe7 Bxe7 28.Qg7 Re8 29.Qf7 Rd1+
30.Kf2 Nd6 31.Qxh7 Bd8 32.g3 Bc7 33.Qh5 Rd3 34.Kg2 c4 35.Nd4 b4 36.Qd5 Re2+
37.Kh3 Rxd4 38.Qxd4 Rxb2 39.cxb4 Rxa2 40.Qd5 Kb8 41.Qc6 Rb2 42.Qc5 Rc2 43.Qc6 Rd2
44.Qxa6 c3 45.Qc6 c2 46.Qc3 Re2 47.Qc6 Nc8 48.Qb5+ Bb6 49.Qc6 Be3 50.Qb5+ Nb6
51.Qe5+ Ka7 52.Qa1+ Kb7 53.Qg7+ Ka6 54.Qa1+ Kb5 55.Qa5+ Kc4 56.Qa6+ Kxb4
57.Qxe2 c1=Q  0-1

[Event "POL-chT2"]
[Site "Wisla"]
[Date "1998.??.??"]
[Round "?"]
[White "Kaminski, Marcin"]
[Black "Panczyk, Krzysztof"]
[Result "1-0"]
[WhiteElo "2530"]
[BlackElo "2365"]

1.e4 e5 2.Nf3 Nc6 3.Bb5 a6 4.Ba4 Nf6 5.O-O b5 6.Bb3 Bb7 7.d3 Be7 8.c4 bxc4
9.Bxc4 O-O 10.Nc3 d6 11.a3 Nd4 12.Nxd4 exd4 13.Nd5 Nxd5 14.exd5 Bf6 15.Qg4 Be5
16.Bg5 Bf6 17.Bxf6 Qxf6 18.Rfe1 Bc8 19.Qe4 Bf5 20.Qf4 g5 21.Qd2 Bd7 22.b4 Bb5
23.Bb3 Rfe8 24.a4 Bd7 25.Qc2 Rac8 26.Rxe8+ Rxe8 27.Qxc7 Re2 28.Rf1 Bf5 29.Bc4 Rc2
30.b5 axb5 31.axb5 Kg7 32.b6  1-0

[Event "Ubeda op"]
[Site "Ubeda"]
[Date "1999.01.28"]
[Round "9"]
[White "Konguveel, Ponnuswamy"]
[Black "Gokhale, CS."]
[Result "1-0"]
[WhiteElo "2410"]
[BlackElo "2335"]

1.e4 e5 2.Nf3 Nc6 3.Bb5 a6 4.Ba4 Nf6 5.O-O b5 6.Bb3 Bb7 7.Re1 Bc5 8.c3 d6
9.d4 Bb6 10.Be3 O-O 11.Nbd2 h6 12.h3 Re8 13.Qb1 Rc8 14.a4 exd4 15.cxd4 Na5
16.Bc2 c5 17.axb5 axb5 18.d5 c4 19.Nd4 b4 20.Ba4 c3 21.bxc3 bxc3 22.Bxe8 cxd2
23.Rd1 Nxe8 24.Nc6 Rxc6 25.dxc6 Bxe3 26.cxb7 Ba7 27.Rxd2 Bb8 28.Qb5 Bc7 29.Rxa5 Nf6
30.Ra8 Bb8 31.Rc2  1-0

[Event "Bled op"]
[Site "Bled"]
[Date "1999.03.22"]
[Round "3"]
[White "Lekic, Dusan"]
[Black "Kolar, Srecko"]
[Result "1-0"]
[WhiteElo "2381"]
[BlackElo "2175"]

1.e4 e5 2.Nf3 Nc6 3.Bb5 a6 4.Ba4 Nf6 5.O-O b5 6.Bb3 Bb7 7.c3 Be7 8.d4 d6
9.Nbd2 O-O 10.Re1 h6 11.Nf1 Re8 12.Ng3 Bf8 13.a4 Na5 14.Bc2 Nc4 15.a5 c5
16.b3 Nxa5 17.dxe5 Nxb3 18.Bxb3 dxe5 19.Qe2 c4 20.Bc2 g6 21.Ba3 Bxa3 22.Rxa3 Qc7
23.Rea1 Rad8 24.h3 Kg7 25.Nh2 h5 26.Nf3 Nd7 27.Nh4 Re6 28.Qe3 f6 29.Nhf5+ gxf5
30.Nxf5+ Kf7 31.Qh6 Rde8 32.Qh7+  1-0

[Event "Dreifluesse op 7th"]
[Site "Passau"]
[Date "1999.04.03"]
[Round "4"]
[White "Jansa, Vlastimil"]
[Black "Kniest, Oliver"]
[Result "1/2-1/2"]
[WhiteElo "2469"]
[BlackElo "2283"]

1.e4 e5 2.Nf3 Nc6 3.Bb5 a6 4.Ba4 Nf6 5.O-O b5 6.Bb3 Bb7 7.d3 Bc5 8.Nc3 h6
9.a4 b4 10.Nd5 O-O 11.a5 d6 12.c3 Nxd5 13.Bxd5 Rb8 14.Bd2 Qf6 15.Qa4 bxc3
16.bxc3 Ne7 17.Bxb7 Rxb7 18.Qc4 Rb5 19.d4 exd4 20.cxd4 Ba7 21.Qxc7 Bxd4 22.Nxd4 Qxd4
23.Rad1 Qxe4 24.Rfe1 Rb7 25.Qxd6 Qg6 26.Be3 Qxd6 27.Rxd6 Nf5 28.Rxa6 Nxe3
29.fxe3 Rb2 30.Kf1 Rc8 31.Re2 Rb1+ 32.Kf2 Ra1 33.Rb2 Rc5 34.Ra8+ Kh7 35.Ra7 Rf5+
36.Kg3 Raxa5 37.Rxa5  1/2-1/2

[Event "Dubai op"]
[Site "Dubai"]
[Date "1999.05.06"]
[Round "6"]
[White "Abdel Rahim, Mohamed"]
[Black "Al Argha, Hisham"]
[Result "0-1"]
[WhiteElo "2140"]
[BlackElo "2152"]

1.e4 e5 2.Nf3 Nc6 3.Bb5 a6 4.Ba4 Nf6 5.O-O b5 6.Bb3 Bb7 7.c3 Nxe4 8.Re1 Nc5
9.Nxe5 Nxe5 10.Rxe5+ Be7 11.Bc2 O-O 12.d4 Ne6 13.d5 Ng5 14.h4 f6 15.Rxe7 Qxe7
16.hxg5 fxg5 17.Be3 d6 18.Qd3 g6 19.Nd2 Rae8 20.Ne4 Rf5 21.Ng3 Re5 22.Bb3 Bc8
23.a4 Bf5 24.Qd2 g4 25.axb5 axb5 26.Kf1 h5 27.Nxf5 gxf5 28.Kg1 g3 29.Rf1 h4
30.Bd4 Re1 31.Be3 Rxf1+ 32.Kxf1 Qe4 33.Bd4 f4 34.Bc2 Qe7 35.Qd1 f3 36.gxf3 Qg5
37.Be3 Rxe3 38.fxe3 Qxe3 39.Qe1 g2+  0-1

[Event "Dubai op"]
[Site "Dubai"]
[Date "1999.05.07"]
[Round "7"]
[White "Yurtaev, Leonid"]
[Black "Kuzmin, Alexey"]
[Result "0-1"]
[WhiteElo "2528"]
[BlackElo "2559"]

1.e4 e5 2.Nf3 Nc6 3.Bb5 a6 4.Ba4 Nf6 5.O-O b5 6.Bb3 Bb7 7.c3 Nxe4 8.d4 Na5
9.Bc2 exd4 10.Nxd4 c5 11.Nf5 d5 12.f3 Ng5 13.Bxg5 Qxg5 14.Re1+ Kd7 15.Nd2 g6
16.f4 Qxf4 17.Rf1 Qc7 18.Ne3 f5 19.Nb3 Nxb3 20.Nxd5 Qd6 21.Bxb3 Rd8 22.Nf4 c4
23.Bc2 Kc8 24.Qxd6 Bxd6 25.Ne6 Rd7 26.Rfe1 Bb8 27.Re2 Re8 28.Rae1 Rde7 29.Bd1 Ba7+
30.Kh1 h6 31.a4 Be4 32.Nf4 g5 33.Nh5 Bc5 34.Nf6 Rf8 35.Nxe4 fxe4 36.axb5 axb5
37.Bc2 e3 38.g4 Rf2 39.b3 Ra7 40.Bf5+ Kc7 41.bxc4 bxc4 42.Be6 Rf4 43.h3 Ra6
44.Bg8 Rd6 45.Kg2 Rd3 46.Rc1 Bb6 47.Bh7 Kc6 48.Kg3 Rd2 49.Rxd2 exd2 50.Rd1 Bf2+
51.Kg2 Be1 52.Bc2 Rf2+ 53.Kg1 Kc5 54.Ra1 Rf3 55.Ra5+ Kb6 56.Ra3 Rxh3 57.Bd1 Re3
58.Kg2 Kb5 59.Ba4+ Kc5 60.Bd1 Kb6 61.Kf1 Bg3 62.Kg2 Re1  0-1

[Event "Capablanca mem Premier II"]
[Site "Havana"]
[Date "1999.05.22"]
[Round "13"]
[White "Gonzalez, Yuri"]
[Black "Perez, Luis Manuel"]
[Result "1-0"]
[WhiteElo "2386"]
[BlackElo "2402"]

1.e4 e5 2.Nf3 Nc6 3.Bb5 a6 4.Ba4 Nf6 5.O-O b5 6.Bb3 Bb7 7.Re1 Bc5 8.c3 d6
9.d4 Bb6 10.Be3 O-O 11.Nbd2 Re8 12.d5 Na5 13.Bxb6 cxb6 14.Bc2 Nc4 15.Rb1 Rc8
16.Nf1 Nh5 17.g3 g6 18.Ne3 Nxe3 19.fxe3 Ng7 20.Rf1 Rf8 21.Rf2 f5 22.Qe2 Rc7
23.Rbf1 Rcf7 24.Bd3 fxe4 25.Bxe4 Bc8 26.Nd2 Rxf2 27.Rxf2 Rxf2 28.Qxf2 Nh5
29.Bf3 Nf6 30.e4 Qc7 31.Kg2 Kg7 32.Qe3 Bd7 33.b4 h6 34.Be2 Be8 35.Qd3 Bf7
36.Kf2 Be8 37.Ke1 Qd7 38.Qe3 Qh3 39.Qg1 g5 40.Bf1 Qc8 41.Qe3 Bg6 42.h3 a5
43.a3 axb4 44.axb4 Qa6 45.g4 Qa2 46.Bg2 Qc2 47.Bf3 Bf7 48.Qxb6 Qxc3 49.Qxd6 Qe3+
50.Kd1 Qg1+ 51.Kc2 Qa1 52.Qc5 Qa4+ 53.Kb2 Nd7 54.Qc3 Qa7 55.Be2 Qb6 56.Qd3 Nf6
57.Qc3 Qf2 58.Bd3 Qh2 59.Kc2 Qxh3 60.Qxe5 Qxg4 61.Bxb5 Qc8+ 62.Bc6 Qa6 63.b5 Qa4+
64.Kd3 g4 65.Qd4 Qa3+ 66.Qc3 Qxc3+ 67.Kxc3 g3 68.d6 Bg6 69.Kd4 Nh7 70.Ke3 Ng5
71.b6 Nh3 72.Kf3  1-0

[Event "Santo Antonio"]
[Site "Santo Antonio"]
[Date "1999.05.23"]
[Round "9"]
[White "Fernandes, Antonio"]
[Black "Campora, Daniel H"]
[Result "1/2-1/2"]
[WhiteElo "2438"]
[BlackElo "2553"]

1.e4 e5 2.Nf3 Nc6 3.Bb5 a6 4.Ba4 Nf6 5.O-O b5 6.Bb3 Bb7 7.c3 Nxe4 8.Re1 d5
9.d3 Nc5 10.Nxe5 Nxe5 11.Rxe5+ Be7 12.Qe2 f6 13.Re3 Nxb3 14.axb3 d4 15.cxd4 Kf7
16.Nc3 f5 17.Bd2 Bf6 18.Re1 Qd7 19.Re6 Rae8 20.Rxe8 Rxe8 21.Qh5+ g6 22.Qxh7+ Bg7
23.Rxe8 Qxe8 24.Kf1 b4 25.Na4 Qc6 26.Bh6 Qxg2+ 27.Ke1 Qg1+ 28.Ke2 Qg4+ 29.Kd2 Qxd4
30.Qxg7+ Qxg7 31.Bxg7 Kxg7 32.Nc5 Bc8 33.Ke3 Kf6 34.h4 g5 35.hxg5+ Kxg5 36.f4+ Kg4
37.d4 a5 38.d5 Kg3 39.Nd3 Ba6 40.Nc5 Bc8 41.Nd3 Ba6 42.Nc5  1/2-1/2

[Event "Andorra la Vella op"]
[Site "Andorra la Vella"]
[Date "1999.06.27"]
[Round "2"]
[White "Gallego, Ruben"]
[Black "Campora, Daniel H"]
[Result "1/2-1/2"]
[WhiteElo "2283"]
[BlackElo "2553"]

1.e4 e5 2.Nf3 Nc6 3.Bb5 a6 4.Ba4 Nf6 5.O-O b5 6.Bb3 Bb7 7.Re1 Be7 8.c3 O-O
9.d4 d6 10.Nbd2 Nd7 11.Nf1 Bf6 12.Ne3 Ne7 13.Ng4 Ng6 14.Nxf6+ Nxf6 15.dxe5 dxe5
16.Qxd8 Rfxd8 17.Ng5 Rd7 18.f3 c5 19.Nh3 c4 20.Bc2 h6 21.a4 Rdd8 22.Be3 Nf8
23.Red1 Ne6 24.Rxd8+ Rxd8 25.Rd1 Rc8 26.Nf2 Kf8 27.g3 Ke7 28.Kf1 Nd7 29.Ke2 Nec5
30.axb5 axb5 31.Ra1 Kd6 32.Rd1+ Ke6 33.Ra1 h5 34.Ra5 Bc6 35.h4 f6 36.Ra7 Kd6
37.Nd1 g6 38.Nf2 Rf8 39.Ra1 Rb8 40.Bd2 Ke6 41.Nh3 f5 42.Ng5+ Kf6 43.Ra7 Bb7
44.Be3 Ra8 45.Rxa8 Bxa8 46.Nh7+ Kg7 47.Ng5 fxe4 48.Nxe4 Nxe4 49.Bxe4 Bxe4
50.fxe4 Nf6 51.Kf3 Kf7 52.Bb6 Ke6 53.Bc7 Nd7 54.Ba5 Nc5 55.Bb4 Nd3 56.Ba3 Kf6
57.Ke3 g5 58.Kf3 gxh4 59.gxh4 Ke6 60.Ke3 Nf4 61.Kf3 Kd7 62.Bb4 Kc6 63.Kf2 Nd3+
64.Ke3 Nxb2 65.Kf3 Kd7 66.Ke2 Ke6 67.Ke3 Nd3 68.Kf3 Nf4 69.Kf2 Kf7 70.Kf3  1/2-1/2

[Event "EUCup99 (Women)"]
[Site "Nova Gorica"]
[Date "1999.06.30"]
[Round "3"]
[White "Melamed, Tatiana"]
[Black "Olarasu, Gabriela"]
[Result "1/2-1/2"]
[WhiteElo "2328"]
[BlackElo "2333"]

1.e4 e5 2.Nf3 Nc6 3.Bb5 a6 4.Ba4 Nf6 5.O-O b5 6.Bb3 Bb7 7.Re1 Bc5 8.c3 d6
9.d4 Bb6 10.Be3 O-O 11.Nbd2 h6 12.h3 Re8 13.d5 Na5 14.Bxb6 cxb6 15.Bc2 Nc4
16.Rb1 Nxd2 17.Qxd2 Bc8 18.Qe3 Bd7 19.Bd3 Nh5 20.Bf1 f5 21.exf5 Bxf5 22.Rbd1 Nf6
23.Nh2 Rc8 24.Be2 Rc5 25.Bg4 Nxg4 26.Nxg4 Rc4 27.f3 Bxg4 28.hxg4 Rf8 29.Qd3 Qc7
30.a3 Qc5+ 31.Qe3 Qxe3+ 32.Rxe3 Kh7 33.g3 Kg6 34.Kg2 Kg5 35.Rde1 g6 36.Re4 Rc5
37.Rd1 Rc7 38.Rd3 h5 39.gxh5 gxh5 40.Kf2 Rc4 41.Ke3 Rfc8 42.Rd1 a5 43.Rxc4 Rxc4
44.Rd2 b4 45.axb4 axb4 46.cxb4 b5 47.Rd3 Rxb4 48.b3 h4 49.gxh4+ Rxh4 50.Rc3 Rd4
51.Rc6 Rxd5 52.Rb6 Kf5 53.b4 Ke6 54.Rb7 Rd4 55.Rxb5 Kd7 56.Rb7+ Kc6 57.Rb8 Kd5
58.Rb5+ Kc4 59.Rb6 Rd3+ 60.Ke2 Rd4 61.Ke3 Rd3+ 62.Ke2 d5 63.Re6 Kd4 64.Rxe5 Rb3
65.f4 Rxb4 66.Kf3  1/2-1/2

[Event "Politiken Cup"]
[Site "Copenhagen"]
[Date "1999.07.10"]
[Round "7"]
[White "McShane, Luke J"]
[Black "Peelen, Piet"]
[Result "1-0"]
[WhiteElo "2467"]
[BlackElo "2382"]

1.e4 e5 2.Nf3 Nc6 3.Bb5 a6 4.Ba4 Nf6 5.O-O b5 6.Bb3 Bb7 7.Re1 Bc5 8.c3 d6
9.a4 h6 10.d4 Bb6 11.d5 Ne7 12.Qd3 O-O 13.axb5 axb5 14.Rxa8 Qxa8 15.h3 Qa7
16.Qe2 Ng6 17.Na3 c6 18.Rd1 Bc5 19.Nc2 Qa8 20.Nce1 Rb8 21.Nd3 cxd5 22.Nxc5 dxc5
23.exd5 e4 24.Nh2 c4 25.Bc2 Bxd5 26.Be3 Qc6 27.Bd4 Nf4 28.Qe3 Nd3 29.Qg3 Re8
30.Ra1 Qe6 31.Ra7 Nxb2 32.Ng4 Nxg4 33.hxg4 Re7 34.Rxe7 Qxe7 35.Qb8+ Kh7 36.Qxb5 Qb7
37.Qc5 Nd3 38.Qd6 f6 39.Ba4 Bf7 40.Bd7 Qb1+ 41.Kh2 Qc1 42.Qf8 Qf4+ 43.g3 Qf3
44.Qxf7 Ne5 45.Qe7 Nxg4+ 46.Bxg4 Qxg4 47.Qf7 Qe2 48.Qd5 Kg6 49.Be3 Qh5+ 50.Qxh5+ Kxh5
51.Bd4 Kg4 52.Kg2 h5 53.Kf1 Kf5 54.Ke2 g5 55.Ke3 h4 56.gxh4 gxh4 57.f3 exf3
58.Kxf3 Kg5 59.Be3+ Kf5 60.Bf4 h3 61.Bh2 Kg5 62.Kg3 Kf5 63.Kf3 Kg5 64.Ke4 Kg4
65.Bf4 f5+ 66.Ke5 Kf3 67.Kxf5 Ke2 68.Ke4  1-0

[Event "Dutch Open"]
[Site "Dieren"]
[Date "1999.07.28"]
[Round "9"]
[White "Solleveld, Maarten"]
[Black "Berkvens, Joost"]
[Result "1-0"]
[WhiteElo "2404"]
[BlackElo "2268"]

1.e4 e5 2.Nf3 Nc6 3.Bb5 a6 4.Ba4 Nf6 5.O-O b5 6.Bb3 Bb7 7.Re1 Bc5 8.c3 O-O
9.d4 Bb6 10.Bg5 h6 11.Bh4 Re8 12.Qd3 d6 13.Nbd2 g5 14.Bg3 Nh5 15.a4 Qf6 16.Bd5 Nxg3
17.hxg3 exd4 18.Bxc6 Bxc6 19.Nxd4 Bd7 20.a5 Ba7 21.Nf1 Qg6 22.Nf5 Rad8 23.g4 Bxf5
24.exf5 Qf6 25.Qd5 b4 26.Qc6 Kf8 27.Ng3 bxc3 28.bxc3 Bc5 29.Ne4 Qe5 30.Qxa6 Qd5
31.Nxc5 Rxe1+ 32.Rxe1 Qxc5 33.Qd3 Qxa5 34.Qd4 Kg8 35.Qf6  1-0

[Event "MK Cafe Cup-B"]
[Site "Koszalin"]
[Date "1999.08.06"]
[Round "4"]
[White "Struk, Jerzy"]
[Black "Gajsin, E."]
[Result "0-1"]
[WhiteElo "2270"]
[BlackElo "2398"]

1.e4 e5 2.Nf3 Nc6 3.Bb5 a6 4.Ba4 Nf6 5.O-O b5 6.Bb3 Bb7 7.Re1 Bc5 8.c3 d6
9.d4 Bb6 10.a4 O-O 11.axb5 axb5 12.Rxa8 Qxa8 13.d5 Na5 14.Bc2 h6 15.Nh4 Bc8
16.h3 Bd7 17.Qf3 Kh7 18.Nd2 Qd8 19.Nf5 g6 20.b4 Nb7 21.Nxh6 Kxh6 22.Nc4+ g5
23.Nxb6 cxb6 24.g4 Kg6 25.Bd2 Ng8 26.Bd3 f6 27.Ra1 Ne7 28.Qe2 Qe8 29.Ra7 Nd8
30.f3 Nf7 31.Be3 Kg7 32.Rc7 Nc8 33.Rb7 Kg8 34.Qf2 Nh8 35.h4 gxh4 36.Qxh4 Rf7
37.Qh6 Qf8 38.Rb8 Qxh6 39.Bxh6 Re7 40.Be3 Re8 41.Rb7 Rd8 42.g5 Nf7 43.gxf6 Kh7
44.Kf2 Kg6 45.Bf1 Kxf6 46.Ke2 Be8 47.Bh3 Ne7 48.Ra7 Rb8 49.Bf2 Ng6 50.Ke3 Ng5
51.Bg4 Nf4 52.Bg3 Bh5 53.Bxf4 exf4+ 54.Kxf4 Bxg4 55.Kxg4 Rc8 56.Rb7 Rxc3
57.Rxb6 Nf7 58.f4 Rc4 59.Kf3 Rxb4 60.e5+ Nxe5+ 61.fxe5+ Kxe5 62.Ke3 Kxd5
63.Rb8 Rb3+ 64.Kd2 Kd4 65.Kc2 Rc3+ 66.Kb2 Rc5 67.Rd8 d5 68.Rb8 Kc4 69.Rh8 b4
70.Kc2 d4 71.Rd8 Rc7 72.Rb8 d3+ 73.Kb2 Rc6 74.Rh8 Rd6 75.Rc8+ Kd4 76.Kc1 Rh6
77.Kb2 Ke3 78.Re8+ Kd2 79.Re7 Rh2 80.Re8 Kd1+ 81.Kb3 d2 82.Kb2 Rh1 83.Re7 Re1
84.Rh7 Ke2 85.Rh2+ Ke3 86.Rh3+ Kf4 87.Rh4+ Kg5  0-1

[Event "MK Cafe Cup-A"]
[Site "Koszalin"]
[Date "1999.08.10"]
[Round "7"]
[White "Volzhin, Alexander"]
[Black "Malaniuk, Vladimir P"]
[Result "1/2-1/2"]
[WhiteElo "2569"]
[BlackElo "2525"]

1.e4 e5 2.Nf3 Nc6 3.Bb5 a6 4.Ba4 Nf6 5.O-O b5 6.Bb3 Bb7 7.c3 Nxe4 8.d4 Na5
9.Nxe5 Nxb3 10.Qxb3 Nd6 11.Qd1 Qf6 12.a4 Be7 13.axb5 axb5 14.Rxa8+ Bxa8 15.Nd2 Qf5
16.Re1 O-O 17.Nf1 Bh4 18.Ng3 Bxg3 19.hxg3 h5 20.g4 hxg4 21.Qxg4 Re8 22.Qxf5 Nxf5
23.Bd2 d6  1/2-1/2

[Event "MK Cafe Cup-B"]
[Site "Koszalin"]
[Date "1999.08.11"]
[Round "8"]
[White "Jakubowski, Krzysztof"]
[Black "Kolesnik, Eduard"]
[Result "1-0"]
[WhiteElo "2320"]
[BlackElo "2393"]

1.e4 e5 2.Nf3 Nc6 3.Bb5 a6 4.Ba4 Nf6 5.O-O b5 6.Bb3 Bb7 7.c3 Nxe4 8.d4 exd4
9.Re1 d5 10.Ng5 Bc5 11.Nxf7 Qd7 12.Rxe4+ dxe4 13.Nxh8 Qf5 14.Nf7 dxc3 15.Nxc3 Bxf2+
16.Kh1 Nd4 17.Ng5 e3 18.Qxd4 e2 19.Be3 e1=Q+ 20.Rxe1 Bxe1 21.Nd5 Ba5 22.Qc5 Qd7
23.Ne6 Kf7 24.Ndxc7 Rc8 25.Nf8+  1-0

[Event "MK Cafe Cup-A"]
[Site "Koszalin"]
[Date "1999.08.11"]
[Round "8"]
[White "Blehm, Pawel"]
[Black "Mainka, Romuald"]
[Result "1/2-1/2"]
[WhiteElo "2479"]
[BlackElo "2476"]

1.e4 e5 2.Nf3 Nc6 3.Bb5 a6 4.Ba4 Nf6 5.O-O b5 6.Bb3 Bb7 7.d3 Be7 8.Nc3 O-O
9.Bd2 d6 10.a4 Na5 11.Ba2 b4 12.Ne2 c5 13.Ng3 Bc8 14.c3 bxc3 15.bxc3 c4 16.d4 Qc7
17.Bc1 Rb8 18.Ba3 Be6 19.d5 Bg4 20.Bb4 Nd7 21.h3 Bxf3 22.Qxf3 g6 23.Qe3 Rfc8
24.Rfb1 Nb3 25.Bxb3 cxb3 26.a5 Nc5 27.Nf1 Qd8 28.Ra3 Rb5 29.Qe2 Bg5 30.Nh2 b2
31.Nf3 Bc1 32.Ne1 Qh4 33.Bxc5 Rbxc5 34.Nd3 Rxc3 35.Rxc3 Rxc3 36.Nxb2 Bxb2
37.Rxb2 Qf4 38.g3 Qc1+ 39.Kg2 Ra3  1/2-1/2

[Event "VISA Nordic GP fin"]
[Site "Gentofte"]
[Date "1999.08.15"]
[Round "8"]
[White "Hansen, Sune Berg"]
[Black "Hector, Jonny"]
[Result "1/2-1/2"]
[WhiteElo "2558"]
[BlackElo "2505"]

1.e4 e5 2.Nf3 Nc6 3.Bb5 a6 4.Ba4 Nf6 5.O-O b5 6.Bb3 Bb7 7.d3 Bc5 8.Nc3 d6
9.a3 Ne7 10.Bg5 Ng6 11.a4 c6 12.axb5 axb5 13.Rxa8 Bxa8 14.Nh4 Nxh4 15.Bxh4 h6
16.Qf3 g5 17.Bg3 Bb7 18.Nd1 Bc8 19.Qe2 h5 20.h3 h4 21.Bh2 g4 22.Kh1 gxh3
23.gxh3 Bxh3 24.Rg1 Qd7 25.Qf3 Rh6 26.Ne3 Bxe3 27.Qxe3 Ng4 28.Qe2 Rh7 29.f3 Nf6
30.Qe3 Be6 31.Bxe6 Qxe6 32.f4 Ng4 33.Qb6 exf4 34.Qxc6+ Ke7 35.Qc7+ Ke8 36.Qb8+ Ke7
37.Qa7+ Ke8 38.Bxf4 Rg7 39.Ra1 Ne5 40.Bh2 Qg4 41.Qb8+ Ke7 42.Ra7+ Ke6 43.Qc8+ Kf6
44.Bxe5+ dxe5 45.Qxg4 Rxg4 46.Rb7 Rg3 47.Rxb5 Re3 48.Kh2 h3 49.Rb8 Kg5 50.Rg8+ Kh4
51.Rh8+  1/2-1/2

[Event "EU-ch U20 Girls"]
[Site "Patras"]
[Date "1999.10.10"]
[Round "6"]
[White "Redondo Arguelles, Graciela"]
[Black "Potikha, Liza"]
[Result "0-1"]
[WhiteElo "2067"]
[BlackElo "2061"]

1.e4 e5 2.Nf3 Nc6 3.Bb5 a6 4.Ba4 Nf6 5.O-O b5 6.Bb3 Bb7 7.Re1 Bc5 8.c3 d6
9.d4 Bb6 10.a4 h6 11.axb5 axb5 12.Rxa8 Qxa8 13.d5 Ne7 14.Be3 Qa7 15.h3 O-O
16.Na3 Bxe3 17.Rxe3 Qc5 18.Bc2 Ng6 19.Qe2 c6 20.b4 Qa7 21.dxc6 Bxc6 22.Nxb5 Qa1+
23.Ne1 d5 24.c4 Nf4 25.Qf1 d4 26.Ra3 Qc1 27.Rb3 Nxe4 28.Rb1 Qd2 29.Bd1 Qa2
30.Rc1 Nd2 31.Rc2 Qxc2 32.Bxc2 Bxb5 33.cxb5 Nxf1 34.Kxf1 Rb8 35.Ba4 Nd5 36.Nd3 Nc3
37.Bb3 e4 38.Ne5 Rxb5 39.Nc6 Rb6  0-1

[Event "EU-ch U20 Girls"]
[Site "Patras"]
[Date "1999.10.17"]
[Round "12"]
[White "Hitzgerova, Gabriela"]
[Black "Potikha, Liza"]
[Result "0-1"]
[WhiteElo "2208"]
[BlackElo "2061"]

1.e4 e5 2.Nf3 Nc6 3.Bb5 a6 4.Ba4 Nf6 5.O-O b5 6.Bb3 Bb7 7.d3 Bd6 8.c3 O-O
9.Re1 h6 10.Nbd2 Re8 11.Nf1 Bf8 12.Ng3 d5 13.exd5 Nxd5 14.Ne4 Na5 15.Bc2 c5
16.Nfd2 Nf4 17.Nf3 Ng6 18.a4 f5 19.Ng3 Qf6 20.axb5 axb5 21.Bb3+ Nxb3 22.Rxa8 Bxa8
23.Qxb3+ Kh7 24.Qxb5 Bc6 25.Qc4 Bxf3 26.gxf3 Nh4 27.Kh1 Nxf3 28.Rg1 Qc6 29.Nxf5 Nd2+  0-1

[Event "Eu Team Ch"]
[Site "Batumi GEO"]
[Date "1999.12.01"]
[Round "3"]
[White "Topalov,V"]
[Black "Beliavsky,A"]
[Result "1-0"]
[WhiteElo "2690"]
[BlackElo "2618"]

1.e4 e5 2.Nf3 Nc6 3.Bb5 a6 4.Ba4 Nf6 5.O-O b5 6.Bb3 Bb7 7.d3 Be7 8.Nc3 d6
9.a4 Na5 10.Ba2 b4 11.Ne2 c5 12.Ng3 O-O 13.Bd2 Rb8 14.Nf5 Bc8 15.N3h4 Be6
16.Qf3 Ne8 17.Nxe7+ Qxe7 18.Nf5 Qd7 19.Qg4 Kh8 20.f4 Nc6 21.fxe5 Nxe5 22.Qg3 Bxa2
23.Rxa2 b3 24.cxb3 Rxb3 25.Bc3 f6 26.Raa1 Nc7 27.d4 cxd4 28.Nxd4 Rbb8 29.Nf5 g6
30.Ne3 Rf7 31.Rad1 Qc6 32.h3 Re8 33.Qh4 Kg7 34.Kh1 Re6 35.Nd5 Qxa4 36.Nf4 Re8
37.Rxd6 Qc4 38.Nh5+ gxh5 39.Rfxf6 Nb5 40.Qg5+ Kf8 41.Qh6+ Kg8 42.Bxe5  1-0

[Event "ch-ROM (women)"]
[Site "Lasi ROM"]
[Date "1999.12.20"]
[Round "6"]
[White "Peptan,C"]
[Black "Olarasu,G"]
[Result "1/2-1/2"]
[WhiteElo "2419"]
[BlackElo "2298"]

1.e4 e5 2.Nf3 Nc6 3.Bb5 a6 4.Ba4 Nf6 5.O-O b5 6.Bb3 Bb7 7.Re1 Bc5 8.c3 d6
9.d4 Bb6 10.a4 h6 11.Na3 O-O 12.Be3 exd4 13.cxd4 Na5 14.d5 Bxe3 15.Rxe3 Nxb3
16.Qxb3 c6 17.dxc6 Bxc6 18.axb5 axb5 19.Rae1 Re8 20.e5 Ng4 21.e6 Qf6 22.exf7+ Qxf7
23.Rxe8+ Rxe8 24.Rxe8+ Bxe8 25.Qxf7+ Kxf7 26.Nd4 Kf6 27.Naxb5 Bxb5 28.Nxb5 Ke5
29.h3 Nf6 30.Kf1 Kd5 31.Ke2 Kc5 32.Nc7 Kc4 33.Ne6 g5 34.Nd8 d5 35.Nf7 Kb3
36.Nxh6 Kxb2 37.Kd3 Kc1 38.Nf7 Kd1 39.Nxg5 Ke1 40.f4 Kf2 41.g4 Kg3 42.f5 Kh4
43.Ne6 Kxh3 44.g5 Nd7 45.g6 Kg4 46.Ng7 Ne5+ 47.Kd4 Nxg6 48.f6 Kg5 49.Ne8 Nf8
50.Kxd5 Kg6 51.Ke5 Nd7+  1/2-1/2

[Event "8th Danube Open"]
[Site "Aschach AUT"]
[Date "1999.12.28"]
[Round "4"]
[White "Sandhoefner,F"]
[Black "Moser,G"]
[Result "1/2-1/2"]
[WhiteElo "2233"]
[BlackElo "2315"]

1.e4 e5 2.Nf3 Nc6 3.Bb5 a6 4.Ba4 Nf6 5.O-O b5 6.Bb3 Bb7 7.Re1 Bc5 8.c3 d6
9.d4 Bb6 10.Bc2 h6 11.h3 g5 12.Be3 g4 13.dxe5 gxf3 14.exf6 Ne5 15.Nd2 Qxf6
16.Nxf3 Bxe3 17.Rxe3 Nc4 18.Re2 Rg8 19.Ne1 O-O-O 20.b3 Ne5 21.Re3 d5 22.Qe2 d4
23.cxd4 Rxd4 24.Rd1 Rxd1  1/2-1/2